Sistema cooperativo de adquisiciones -COPAS-

Uloženo v:
Podrobná bibliografie
Korporativní autor: California Spanish Languaje Data Base
Médium: Text
Vydáno: Oakland, California :
Tagy: Přidat tag
Žádné tagy, Buďte první, kdo vytvoří štítek k tomuto záznamu!

MARC

LEADER 00000 a a2200000 04500
001 14560
003
040
090 |a 014300  
110 |a California Spanish Languaje Data Base  
245 |a Sistema cooperativo de adquisiciones -COPAS-  
260 |a Oakland, California :  
300 |a 5 p.  
999 |c 13055  |d 13055